| 000 | 00601nam a2200181 i 4500 | ||
|---|---|---|---|
| 001 | 90092 | ||
| 003 | ES-MaACL | ||
| 007 | t| | ||
| 008 | 050118s1911 fr ||||1| fre d | ||
| 100 | 1 |
_aLechat, Henri. _971068 |
|
| 245 | 1 | 0 |
_aCollection de moulages pour l'histoire de l'art antique / _cpar Henri Lechat. |
| 250 | _a2e catalogue redige. | ||
| 260 |
_aLyon : _b[s.n., _c1911] ( _fA Rey et C) |
||
| 300 |
_aXI, 232 p. ; _c19 cm. |
||
| 500 | _aPrecede al tít.: Université de Lyon, Faculté des Lettres. | ||
| 710 | 2 |
_aUniversité de Lyon. _bFaculté des Lettres. _97483 |
|
| 852 |
_aES-MaACL _jB-4238 |
||
| 999 |
_c90092 _d90092 |
||